DİRİLİŞ NESLİNİN AMENTÜSÜ (Record no. 833350)

MARC details
000 -LEADER
sabit uzunluktaki kontrol alanı 00263nam a2200097Ia 4500
001 - KONTROL NUMARASI
kontrol alanı 833350
005 - EN SON İŞLEMİN TARİH VE ZAMANI
kontrol alanı 20250826172413.0
008 - SABİT-UZUNLUKTA VERİ ÖĞELERİ--GENEL BİLGİ
sabit uzunluktaki kontrol alanı 250824s9999 xx 000 0 und d
245 #0 - ESER / YAZAR
ESER ADI DİRİLİŞ NESLİNİN AMENTÜSÜ
Yazar Adı SEZAİ KARAKOÇ
260 ## - YAYIN, DAĞITIM, VB.
YAYIN EVİ DİRİLİŞ YAYINLARI
Holdings
Düşüm durumu Kayıp durumu Sınıflandırma Kaynağı veya raf şeması Hasar Durumu Ödünç verilmez Ana kütüphane Geçerli Kütüphane Edinilen tarih Toplam ödünç verme sayısı Tam yer numarası Barkod Son görüntüleme tarihi Fiyatın geçerli olmaya başladığı tarih Koha materyal türü
    Dewey Ondalık Sınıflama     ŞEHİT MUSTAFA ÇUHADAR ORTAOKULU ŞEHİT MUSTAFA ÇUHADAR ORTAOKULU 24.08.2025   D5 10541094 26.08.2025 26.08.2025 Books